000 00477nam a2200169Ia 4500
003 GCL
008 140319s9999 xx 000 0 eng d
040 _aGCL /
_cGCL
082 0 4 _a621.317
_bR P
100 1 _aRASHID, MUHAMMAD H
245 1 0 _aPOWER ELECTRONICS: CIRCUITS DEVICES AND APPLICATIONS /
_cRASHID, MUHAMMAD H
260 _a[S.N] :
_bPRENTIC- HALL OF INDIA PRIVTE LIMITED ،
_c1995
300 _a702\P
650 0 4 _aPOWER
650 0 4 _aELECTRONIC
942 _2ddc
_cBK
999 _c11791
_d11791